000 00373nam a22001697a 4500
003 MPLRDC
005 20220104124601.0
008 210129b ||||| |||| 00| 0 eng d
082 _a859.6 WF-2
100 _a文峰编
245 _a刘三妹
_c
250 _a一版一刷
260 _a
_b胜友书局
_c1979
300 _b
650 _a
942 _cBK
_o859.6 WF-2
999 _c20509
_d20499